000
00239nmm a2200085Ia 4500
008
220120s9999||||xx |||||||||||||||||und||
100
_a
Digit
245
0
_a
Best of digit videos, free image editing suites, MIT open so
260
_a
Nine dot Nine
999
_c
140019
_d
140019